000 00272nam a2200121Ia 4500
008 240624s9999 xx 000 0 und d
041 _aeng
082 _a813 GRO
100 _aGROSSMAN VASILY
245 _aLIFE AND FATE
260 _c2006
_aLondon
_bVintage
365 _cRS
999 _c31453
_d31453